Itä-Uudenmaan kunnat - Statistics

Yleistilastot
  • Tätä visaa on pelattu 47 kertaa
  • Keskiarvotulos 8 / 11
Vastaustilastot
Kunta % Oikein
Loviisa
100%
Porvoo
100%
Sipoo
92%
Askola
87%
Myrskylä
87%
Lapinjärvi
79%
Pukkila
79%
Ruotsinpyhtää
42%
Liljendal
37%
Porvoon maalaiskunta
32%
Pernaja
24%
Ehtoja vastaavia visoja ei löytynyt
Tulosjakauma
Jokaisen tuloksen saaneiden osuus
Persentiili vastausten määrän mukaan
Tuloshistoriasi
Et ole pelannut tätä visaa